| 000 | 00000nam##2200000za#4500 |
| 001 | 9.684248 |
| 003 | CaOODSP |
| 005 | 20210615134100 |
| 007 | ta |
| 008 | 150407|2005||||xxc||||| f|0| 0 fre|d |
| 020 | |a0-9737807-1-1 |
| 040 | |aCaOODSP|bfre |
| 043 | |an-cn--- |
| 086 | 1 |aFo4-14/6-2005F |
| 110 | 1 |aCanada.|bRessources naturelles Canada. |bService canadien des forêts. |
| 245 | 10|aLes forêts et les terres humides du Canada : |bles purifications naturels de notre eau / |c[Publié par] Association forestière canadienne. |
| 246 | 3 |aTrousse d'enseignements. Volume 6, Les forêts et l'eau |
| 260 | |aOttawa - Ontario : |bRessources naturelles Canada. |cc2005. |
| 300 | |a40p. : |bglossaire, ill., photographies ; |c28 cm. + |eUne affiche bilingue en coulour sous le titre: Les forêts modèles situées dans les autres régions forestières du Canada. |
| 500 | |aPour commander les trousses d'enseignements de l'AFC, veuillez visiter le site web à l'adresse web indiquée ci-dessous. |
| 520 | 3 |aOffre aux enseignants les outils nécessaires pour mieux faire comprendre au jeune peuple la valeur des forêts et l'importance de les protéger et de les conserver. |
| 563 | |aCouverture souple |
| 590 | |a08-19|b2008-05-09 |
| 775 | 08|tCanada's forests and wetlands : |w(CaOODSP)9.651204 |
| 776 | 0#|tLes forêts et les terres humides du Canada : |w(CaOODSP)9.641457 |